| 000 | 00637nam a2200205 a 4500 | ||
|---|---|---|---|
| 001 | 000003714 | ||
| 005 | 20200929150536.0 | ||
| 008 | 090713s2003 dr 001 0 spa d | ||
| 020 | _a999346189X | ||
| 040 |
_aDO-SdBNP _bspa _cBNPHU |
||
| 082 |
_axxxx _bG633p |
||
| 100 | 1 |
_aGómez, José Miguel _9380 |
|
| 245 | 1 | 3 |
_aEl psiquiatra en su bolsillo : _bpor una salud mental no excluyente / _cJosé Miguel Gómez. |
| 260 |
_aSanto Domingo : _bBúho, _c2003. |
||
| 300 |
_a122 p. ; _c17 cm. |
||
| 490 | 1 | _aBiblioteca | |
| 500 | _aLa biblioteca posee el v. 1 y 2 | ||
| 504 | _aIncluye bibliografías (p.119-122) | ||
| 830 | 0 |
_aBiblioteca _91648 |
|
| 999 |
_c3536 _d3536 |
||